| 000 | 03103 a2200337 4500 | ||
|---|---|---|---|
| 005 | 20080922152526.0 | ||
| 008 | 080922t xxu||||| |||| 00| 0 hin d | ||
| 010 | _aHIN-81327 B-290109-115 | ||
| 020 |
_a8190260146 _c200.00 |
||
| 035 | _aHN-53673 | ||
| 035 | _aB-290109-115 | ||
| 037 | _bD.B.Act / pub | ||
| 040 |
_aDPL _bHN |
||
| 082 | _a305.2355 | ||
| 100 | _aशेखावत, समता | ||
| 245 |
_aकिशोरावस्था _cसमता शेखावत |
||
| 246 |
_aKishoravstha _bby Samta Shekhhvat |
||
| 260 |
_aजयपुर _bसोनू पब्लिकेशन्स _c2007 |
||
| 270 |
_aचन्दलाई भवन, फिल्म कालोनी _bजयपुर _e302003 |
||
| 300 |
_a176पृ _c22 सेमी (सजिल्द) |
||
| 942 |
_adpl _cHN _k305.2355 / शेखाव _2ddc _h305.2355 _mशेखाव |
||
| 999 |
_c8187 _d8187 |
||